| 000 | 00503nam a22001337a 4500 | ||
|---|---|---|---|
| 082 | _aMS-PhD-IT MUD | ||
| 100 |
_a Muddassar Masood _998565 |
||
| 245 | _aA Cost Effective Economic Denial of Sustainability (EDoS) Attack Mitigation Framework for E-Commerce Applications in Cloud Environments | ||
| 260 |
_a Islamabad _bNUST SEECS _c2013 |
||
| 300 |
_a39p. _eCD-ROM |
||
| 500 | _a Supervisors; Dr.Zahid Anwar | ||
| 856 | _uhttp://10.250.8.41:8080/xmlui/handle/123456789/9792 | ||
| 942 |
_cPR _2ddc |
||
| 999 |
_c12280 _d12280 |
||